Players with Receiving Yards from Tom Brady - Statistics

General Stats
  • This quiz has been taken 31 times
    12 since last reset
  • The average score is 34 of 137
Answer Stats
Yards Receiver % Correct
7673 Julian Edelman
100%
9851 Rob Gronkowski
100%
3131 James White
89%
3081 Randy Moss
89%
6986 Wes Welker
89%
2316 Aaron Hernandez
78%
912 Antonio Brown
78%
1438 Chris Godwin
78%
2893 Danny Amendola
78%
178 Heath Evans
78%
1542 Mike Evans
78%
3917 Troy Brown
78%
475 Bethel Johnson
67%
129 Chad Jackson
67%
297 Chad Johnson
67%
89 Charles Johnson
67%
16 Curtis Jackson
67%
5 Jakob Johnson
67%
141 LeGarrette Blount
67%
14 Mike Vrabel
67%
162 Sony Michel
67%
22 Steven Jackson
67%
261 Tyler Johnson
67%
540 Antowain Smith
56%
2091 Chris Hogan
56%
5149 Deion Branch
56%
820 Dion Lewis
56%
3064 Kevin Faulk
56%
1210 Brandin Cooks
44%
1513 Brandon LaFell
44%
541 Cameron Brate
44%
2538 David Givens
44%
197 O.J. Howard
44%
189 Ronald Jones
44%
1330 Shane Vereen
44%
2269 Ben Watson
33%
279 Cordarrelle Patterson
33%
858 Donte Stallworth
33%
334 Jakobi Meyers
33%
1007 Josh Gordon
33%
94 Justin Watson
33%
401 Malcolm Mitchell
33%
26 Michael Williams
33%
126 N'Keal Harry
33%
784 Rex Burkhead
33%
585 Scotty Miller
33%
731 Aaron Dobson
22%
283 BenJarvus Green-Ellis
22%
506 Brandon Bolden
22%
495 Corey Dillon
22%
2546 David Patten
22%
845 Jabar Gaffney
22%
7 Jonas Gray
22%
166 J.R. Redmond
22%
519 Kenbrell Thompkins
22%
326 Keshawn Martin
22%
476 Laurence Maroney
22%
558 Leonard Fournette
22%
605 Martellus Bennett
22%
46 Matthew Slater
22%
163 Stevan Ridley
22%
204 Terry Glenn
22%
91 Alge Crumpler
11%
135 Austin Collie
11%
1013 Brandon Lloyd
11%
390 Brandon Tate
11%
82 Bryan Tyms
11%
142 Chris Baker
11%
1582 Daniel Graham
11%
1095 Danny Woodhead
11%
174 David Thomas
11%
113 Dwayne Allen
11%
38 Elandon Roberts
11%
23 Fred Taylor
11%
6 Jeremy Hill
11%
194 Jermaine Wiggins
11%
121 Josh Boyce
11%
12 Kellen Winslow
11%
85 Kyle Brady
11%
-9 Logan Mankins
11%
389 Marc Edwards
11%
381 Michael Hoomanawanui
11%
218 Mohamed Sanu
11%
16 Nate Solder
11%
539 Patrick Pass
11%
930 Reche Caldwell
11%
114 Ryan Izzo
11%
299 Sammy Morris
11%
227 Tim Wright
11%
30 Tiquan Underwood
11%
5 Amos Zereoue
0%
190 Andre Davis
0%
1 Asante Cleveland
0%
7 Bam Childress
0%
7 Bryan Cox
0%
112 Cam Cleeland
0%
813 Christian Fauria
0%
85 Daniel Fells
0%
18 Dan Klecko
0%
128 Dedric Ward
0%
133 Donald Hayes
0%
344 Doug Gabriel
0%
1 Eric Tomlinson
0%
50 Fred Coleman
0%
12 Fred McCrary
0%
89 Giovani Bernard
0%
34 Gunner Olszewski
0%
22 Isaiah Stanback
0%
94 Jacob Hollister
0%
0 Jaelon Darden
0%
231 James Develin
0%
58 Jayden Minkens
0%
76 Jed Weaver
0%
38 J.J. Stokes
0%
0 Joe Andruzzi
0%
67 Joey Gallaway
0%
23 Kenny Britt
0%
34 Ke'Shawn Vaughn
0%
9 Kevin Kight
0%
138 Larry Centers
0%
96 LeSean McCoy
0%
22 Matthew Mulligan
0%
131 Matt LaCosse
0%
22 Matt Lengal
0%
45 Michael Floyd
0%
8 Mike Cloud
0%
15 Mike Gillislee
0%
969 Phillip Dorsett
0%
9 Rabih Abdullah
0%
31 Rod Rutladge
0%
301 Sam Aiken
0%
259 Scott Chandler
0%
41 Tanner Hudson
0%
306 Tim Dwight
0%
1 Tom Ashworth
0%
29 Torrance Small
0%
2 Travaris Cadet
0%
No matching quizzes found
Score Distribution
Percent of People with Each Score
Percentile by Number Answered
Your Score History
You have not taken this quiz since the last reset